Normal view MARC view

Entry Personal Name

Number of records used in: 1

001 - CONTROL NUMBER

  • control field: 35238

003 - CONTROL NUMBER IDENTIFIER

  • control field: dpl

005 - DATE AND TIME OF LATEST TRANSACTION

  • control field: 20111005104334.0

008 - FIXED-LENGTH DATA ELEMENTS

  • fixed length control field: 111005|||a|||||| | ||| d

040 ## - CATALOGING SOURCE

  • Original cataloging agency: dpl
  • Transcribing agency: dpl

100 ## - HEADING--PERSONAL NAME

  • Personal name: Anupa Lal

670 ## - SOURCE DATA FOUND

  • Source citation: Work cat.: (dpl)33245: Anupa Lal , Tales from the Arabian Nights /, 2009(repr.).

670 ## - SOURCE DATA FOUND

  • Source citation: Work cat.: (dpl)33245: Anupa Lal , Tales from the Arabian Nights /, 2009(repr.).

© Delhi Public Library
Hit Counter
free hit counter